| 000 | 00639nam a2200241Ia 4500 | ||
|---|---|---|---|
| 003 | OSt | ||
| 005 | 20220924132532.0 | ||
| 006 | a|||||r|||| 00| 0 | ||
| 007 | ta | ||
| 008 | 220923b |||||||| |||| 00| 0 san d | ||
| 024 | _a60033 | ||
| 037 | _cTextual | ||
| 040 |
_aARTS _cARTS _bsan |
||
| 041 |
_2san _asan |
||
| 082 | _aQ21:222:9, 15K1 | ||
| 100 |
_aSukla Badrinath _9204467 |
||
| 245 | 0 |
_aMarkandeya Purana _b Ek adhyayan |
|
| 260 | _c1961 | ||
| 490 | _aVidyabhavan rashtrabhasha granthamala; 43 | ||
| 650 | _aRELIGION | ||
| 942 |
_hQ21:222:9, 15K1 _cTEXL _2CC |
||
| 999 |
_c430608 _d430608 |
||